Paris Saint-Germain Squad Champions League 2024/2025 - Statistics

General Stats
  • This quiz has been taken 104 times
  • The average score is 17 of 23
Answer Stats
Picture Answer % Correct
Gianluigi Donnarumma
100%
Achraf Hakimi
95%
Marquinhos
93%
Lucas Hernández
92%
Nuno Mendes
91%
Vitinha
88%
Bradley Barcola
87%
Ousmane Dembélé
86%
Khvicha Kvaratskhelia
84%
Fabián Ruiz
82%
Presnel Kimpembe
82%
Gonçalo Ramos
81%
João Neves
79%
Désiré Doué
78%
Warren Zaïre-Emery
78%
Lee Kang-in
74%
Lucas Beraldo
65%
Willian Pacho
61%
Arnau Tenas
55%
Senny Mayulu
40%
Matvei Safonov
39%
Yoram Zague
27%
Ibrahim Mbaye
22%
No matching quizzes found
Score Distribution
Percent of People with Each Score
Percentile by Number Answered
Your Score History
You have not taken this quiz